000 00964 a2200181 4500
020 _a1883999103 (paperback)
020 _a9781883999100 (paperback)
082 0 4 _a658.4012
090 _c5501
_d5501
100 1 _aMichaelson, Gerald A.
245 1 0 _aSun tzu :
_bthe art of war for managers /
_cGerald A. Michaelson.
250 _a2nd ed.
260 _a[S.l.] :
_bExecutive Excellence Publishing,
_c1999.
300 _a160 p. ;
_c23 cm.
520 _aTimeless Wisdom for the New Millennium Now, the strategic wisdom of Sun Tzu in powerful 10-minute lessons to enhance your business success. Benefit from: * The newest translation of The Art of War * Interpretations from other translators and strategists * 50 strategic rules with business commentary such as: Win without Fighting Look for Strategic Turns Make Victory the Only Option.
856 4 0 _3Amazon.com
_uhttp://www.amazon.com/exec/obidos/ASIN/1883999103/chopaconline-20
942 _aNBS
_cBK
_k658.4012 MIC
999 _c347908
_d347908